Κατάλογος Βιβλιοθηκών Mediterranean College

Τα Παιδιά και η Έννοια των Αριθμών / Δυσκολίες στην Εκμάθηση των Μαθηματικών (Record no. 1675)

MARC details
000 -LEADER
fixed length control field 01680cam a22002054a 4500
005 - ΗΜΕΡΟΜΗΝΙΑ ΚΑΙ ΩΡΑ ΤΕΛΕΥΤΑΙΑΣ ΕΝΗΜΕΡΩΣΗΣ
Πεδίο ελέγχου 20250605164015.0
008 - FIXED-LENGTH DATA ELEMENTS--GENERAL INFORMATION
Πεδίο ελέγχου σταθερού μήκους 250528s ||||||||||||||||||||||||d
035 ## - SYSTEM CONTROL NUMBER
System control number 16139
020 ## - ISBN
ISBN 960010598
040 ## - ΠΗΓΗ ΚΑΤΑΛΟΓΟΓΡΑΦΗΣΗΣ
Φορέας πρωτότυπης καταλογογράφησης MC Athens Campus Library
Γλώσσα καταλογογράφησης Ελληνικά, Μοντέρνα (1453-)
Modifying agency MC Athens Campus Library
Κανόνες περιγραφικής καταλογογράφησης AACR2
245 1# - ΤΙΤΛΟΣ ΚΑΙ ΔΗΛΩΣΗ ΥΠΕΥΘΥΝΟΤΗΤΑΣ
Τίτλος Τα Παιδιά και η Έννοια των Αριθμών / Δυσκολίες στην Εκμάθηση των Μαθηματικών
260 ## - PUBLICATION, DISTRIBUTION, ETC.
Name of publisher, distributor, etc. Gutenberg,
Date of publication, distribution, etc. 2002
300 ## - PHYSICAL DESCRIPTION
Extent 272
520 ## - SUMMARY, ETC.
Summary, etc. Κεντρικό θέμα του παρόντος βιβλίου είναι η ικανότητα των παιδιών να παράγουν και να ερμηνεύουν γραπτές αναπαραστάσεις των αριθμών. Πρόλογος, Εισαγωγή, Ποιό Είναι το Πρόβλημα, Ο Piaget υπό Επίθεση, Πρόσθεση και Αφαίρεση πριν από το Σχολείο, Ποιά η Δυσκολία του Δύο και Δύο, Τα Παιδιά Αναλκύπτουν να Γράφουν Αριθμητική, Τα Γραπτά Αριθμητικά Συστήματα Άλλων Πολιτισμών, Η Κατανόηση του Γραπτού Συμβολισμού της Αριθμητικής, Οι Δυσκολίες των Παιδιών στο Σχολείο, Μαθαίνοντας Μέσα από Αριθμητικά Παιχνίδια, Μαθαίνοντας με τη LOGO, Μια Νέα Προσέγγιση στην Έννοια του Αριθμού, Βιβλιογραφία, Γλωσσάρι.
700 1# - ΠΡΟΣΘΕΤΗ ΑΝΑΓΡΑΦΗ--ΦΥΣΙΚΟ ΠΡΟΣΩΠΟ
Personal name Hughes Martin
9 (RLIN) 2177
700 1# - ΠΡΟΣΘΕΤΗ ΑΝΑΓΡΑΦΗ--ΦΥΣΙΚΟ ΠΡΟΣΩΠΟ
Personal name Βοσνιάδου Στέλλα
942 ## - ADDED ENTRY ELEMENTS (KOHA)
Koha item type Books
Holdings
Τύπος τεκμηρίου Βιβλιοθήκη Τρέχουσα τοποθεσία Barcode Αριθμός εισαγωγής Ημερομηνία απόκτησης Ταξιθετικό σύμβολο Αριθμός αντιτύπου Κατάσταση απόσυρσης Κατάσταση χαμένου Κατάσταση κατεστραμμένου Μη δανεισμός Σύνολο δανεισμών Ημερομηνία τελευταίας εμφάνισης Η τιμή ισχύει από
Books MC Athens Campus Library MC Athens Campus Library 9780000016744 2770 05/06/2025 372.72 HUG 1           05/06/2025 05/06/2025

MC Athens Campus Library
Πατησίων 94 & Κοδριγκτώνος 13, 104 34
Πελλήνης 8 & Πατησίων 107, 112 51
Τ: +30 210 8899600

MC Thessaloniki Campus Library
Ίωνος Δραγούμη 21, 54625 | Ίωνος Δραγούμη 15, 54625
Τ: +30 2310 287779 – Τ: +30 2314 440300